000 00615nam a22001457a 4500
008 160603b xxu||||| |||| 00| 0 eng d
082 _22012
_aUT 0327
_bB12
100 _99905
_aBacamante, Ramel R.
245 _aPagtuturo ng Filipino bilang pangalawang wika sa mga di tagalog at ang epekto nito sa pagkatutong linggwistika ng mga mag-aaral sa Digos City national high school/
_cRamel R. Bacamante and Riza R. Hernan.
260 _aDigos City:
_bUMDC
_cEnero 14, 2012.
300 _a47 pages;
_c29 cm.
650 0 _99903
_aEducation
_vFilipino
_xUndergraduate thesis.
700 _99901
_aHernan, Riza R.
942 _2ddc
_cUT
999 _c2971
_d2971